[Event "FRA-chT2 1011"]
[Site "France"]
[Date "2010.11.14"]
[Round "3.1"]
[White "Keller, Christophe"]
[Black "Gouanelle, Franck"]
[Result "0-1"]
[WhiteElo "2209"]
[BlackElo "2154"]
[PlyCount "84"]
[EventDate "2010.10.17"]
[EventType "team-tourn"]
[EventRounds "11"]
[EventCountry "FRA"]
[SourceTitle "EXT 2012"]
[Source "ChessBase"]
[SourceDate "2011.11.24"]
[SourceVersion "1"]
[SourceVersionDate "2011.11.24"]
[SourceQuality "1"]

1. e4 c5 2. Nc3 Nc6 3. f4 g6 4. Nf3 Bg7 5. Bb5 Nd4 6. 0-0 Nxb5 7. Nxb5 Nh6 8. d3 f5 9. Qe2 a6 10. Nc3 b5 11. Be3 d6 12. e5 0-0 13. d4 b4 14. Na4 Bd7 15. b3 Bb5 16. Qd2 Bxf1 17. Rxf1 cxd4 18. Qxd4 Nf7 19. Qxb4 dxe5 20. fxe5 e6 21. Nc5 Re8 22. Qc4 Qd5 23. Qxd5 exd5 24. e6 Nd8 25. Rd1 Nxe6 26. Rxd5 Nxc5 27. Bxc5 Rad8 28. Rxd8 Rxd8 29. c4 Rd1+ 30. Kf2 Rb1 31. Nd4 Rb2+ 32. Kf3 Bxd4 33. Bxd4 Rxa2 34. b4 Kf7 35. h4 Rc2 36. c5 Rc4 37. Be5 Rxb4 38. c6 Rc4 39. c7 Ke6 40. Bf4 Kd7 41. g4 fxg4+ 42. Kxg4 a5 0-1

[Event "Montigny le Bretonneux-A 9th"]
[Site "Montigny le Bretonneux"]
[Date "2010.10.26"]
[Round "4"]
[White "Gouanelle, Franck"]
[Black "Bouvier, Clement"]
[Result "1-0"]
[WhiteElo "2166"]
[BlackElo "1883"]
[PlyCount "79"]
[EventDate "2010.10.23"]
[EventType "tourn"]
[EventRounds "9"]
[EventCountry "FRA"]
[SourceTitle "EXT 2011"]
[Source "ChessBase"]
[SourceDate "2010.11.26"]
[SourceVersion "1"]
[SourceVersionDate "2010.11.26"]
[SourceQuality "1"]

1. d4 d5 2. c4 e5 3. dxe5 d4 4. Nf3 Nc6 5. a3 Bg4 6. Nbd2 Qd7 7. b4 Nge7 8. b5 Na5 9. Qa4 b6 10. h3 Bh5 11. g3 Bg6 12. Bg2 Nb7 13. c5 Nxc5 14. Qxd4 Qxb5 15. a4 Qa5 16. 0-0 Qa6 17. Re1 Rd8 18. Qc4 Qc8 19. Nd4 Bf5 20. Nxf5 Qxf5 21. Nf3 Nc6 22. Bb2 Na5 23. Qa2 Be7 24. Nd4 Qg6 25. Nb5 0-0 26. Nxc7 Rd2 27. Nd5 Bd8 28. Qb1 Qe6 29. Rd1 Rxd1+ 30. Qxd1 Nc4 31. Qd4 Na5 32. Ra3 Be7 33. Re3 Rd8 34. Kh2 Bf8 35. Nf6+ gxf6 36. Qxd8 Nc4 37. Bd5 Qf5 38. Rf3 Qc2 39. Bxf7+ Kxf7 40. Rxf6+ 1-0

[Event "FRA-chT2 1011"]
[Site "France"]
[Date "2010.10.17"]
[Round "1.2"]
[White "Kornman, Serge"]
[Black "Gouanelle, Franck"]
[Result "1/2-1/2"]
[WhiteElo "2126"]
[BlackElo "2154"]
[PlyCount "49"]
[EventDate "2010.10.17"]
[EventType "team-tourn"]
[EventRounds "11"]
[EventCountry "FRA"]
[SourceTitle "EXT 2012"]
[Source "ChessBase"]
[SourceDate "2011.11.24"]
[SourceVersion "1"]
[SourceVersionDate "2011.11.24"]
[SourceQuality "1"]

1. Nf3 d5 2. c4 e6 3. g3 c6 4. b3 Nf6 5. Bg2 Nbd7 6. Bb2 Bd6 7. d4 Qc7 8. c5 Be7 9. b4 b6 10. 0-0 a5 11. a3 axb4 12. axb4 Rxa1 13. Bxa1 bxc5 14. bxc5 0-0 15. Nc3 e5 16. e3 e4 17. Nd2 h5 18. f3 exf3 19. Qxf3 Nb8 20. Qf4 Bd8 21. Qxc7 Bxc7 22. e4 dxe4 23. Ndxe4 Nxe4 24. Bxe4 Re8 25. Kf2 1/2-1/2

[Event "Paris-ch op-A"]
[Site "Paris"]
[Date "2010.07.10"]
[Round "8"]
[White "Gouanelle, Franck"]
[Black "Ferry, Roger"]
[Result "1-0"]
[WhiteElo "2158"]
[BlackElo "2063"]
[PlyCount "83"]
[EventDate "2010.07.03"]
[EventType "swiss"]
[EventRounds "9"]
[EventCountry "FRA"]
[SourceTitle "CBM 137 Extra"]
[Source "ChessBase"]
[SourceDate "2010.09.01"]
[SourceVersion "1"]
[SourceVersionDate "2010.09.01"]
[SourceQuality "1"]

1. d4 d5 2. c4 c6 3. Nf3 Nf6 4. Nc3 dxc4 5. a4 Bf5 6. Ne5 Nbd7 7. Nxc4 e6 8. a5 Be7 9. f3 0-0 10. e4 Bg6 11. Be3 Bb4 12. Qb3 Qe7 13. Kf2 b5 14. axb6 axb6 15. Rxa8 Rxa8 16. Na2 Ba5 17. Nxa5 bxa5 18. Bd3 c5 19. Qa3 Qd8 20. Rd1 cxd4 21. Bxd4 Qc7 22. Kg1 Ne5 23. Rc1 Qb8 24. Be2 Ne8 25. Rc5 f6 26. Rxa5 Rxa5 27. Qxa5 Nc6 28. Qb6 Qd6 29. Bc3 e5 30. Nb4 Nd4 31. Bxd4 exd4 32. Qxd6 Nxd6 33. Nc6 Bf7 34. Nxd4 Nc4 35. b4 Nb6 36. Kf2 Kf8 37. Ke3 g6 38. Nb5 Ke7 39. Kd4 Kd7 40. Nc3 Kd6 41. Nb5+ Kc6 42. Na3 1-0

[Event "Paris-ch op-A"]
[Site "Paris"]
[Date "2010.07.09"]
[Round "7"]
[White "Laurent, Julien G"]
[Black "Gouanelle, Franck"]
[Result "1-0"]
[WhiteElo "2291"]
[BlackElo "2158"]
[PlyCount "107"]
[EventDate "2010.07.03"]
[EventType "swiss"]
[EventRounds "9"]
[EventCountry "FRA"]
[SourceTitle "CBM 137 Extra"]
[Source "ChessBase"]
[SourceDate "2010.09.01"]
[SourceVersion "1"]
[SourceVersionDate "2010.09.01"]
[SourceQuality "1"]

1. Nf3 d5 2. c4 c6 3. g3 dxc4 4. Bg2 Nd7 5. Qc2 Nb6 6. a4 a5 7. Na3 Qd5 8. e4 Qd3 9. Qxd3 cxd3 10. Ne5 Nxa4 11. Nac4 b5 12. Nxc6 f6 13. Na3 Ba6 14. e5 Rc8 15. Nxa5 fxe5 16. Bc6+ Rxc6 17. Nxc6 Bb7 18. Nxe5 Bxh1 19. Nxb5 Nb6 20. Nc7+ Kd8 21. Ne6+ Kc8 22. f3 Nf6 23. Ra7 Ne8 24. Kf2 g6 25. Nc6 g5 26. Nxg5 e5 27. Kg1 Rg8 28. Re7 Nd6 29. Rxe5 h6 30. Kxh1 Rxg5 31. Rxg5 hxg5 32. Ne5 Ndc4 33. Nxd3 Na5 34. b4 Nb3 35. Bb2 Nxd2 36. Kg2 Nd5 37. Bc1 Nxb4 38. Nf2 Nb3 39. Bxg5 Nd5 40. h4 Kd7 41. h5 Ke6 42. g4 Kf7 43. Nd3 Bd6 44. f4 Nd2 45. f5 Ne4 46. Bc1 Ndf6 47. Kf3 Ng3 48. h6 Nh7 49. Nf4 Bxf4 50. Bxf4 Nxf5 51. gxf5 Nf8 52. Be5 Nh7 53. Kg4 Kg8 54. Bg7 1-0

[Event "Paris-ch op-A"]
[Site "Paris"]
[Date "2010.07.07"]
[Round "5"]
[White "Marchadour, Claire"]
[Black "Gouanelle, Franck"]
[Result "0-1"]
[WhiteElo "2072"]
[BlackElo "2158"]
[PlyCount "96"]
[EventDate "2010.07.03"]
[EventType "swiss"]
[EventRounds "9"]
[EventCountry "FRA"]
[SourceTitle "CBM 137 Extra"]
[Source "ChessBase"]
[SourceDate "2010.09.01"]
[SourceVersion "1"]
[SourceVersionDate "2010.09.01"]
[SourceQuality "1"]

1. e4 c5 2. Nf3 d6 3. d4 cxd4 4. Nxd4 Nf6 5. Nc3 a6 6. a4 e6 7. Be2 Be7 8. 0-0 0-0 9. Be3 Qc7 10. h3 Nc6 11. Nxc6 bxc6 12. a5 d5 13. exd5 cxd5 14. Na4 Bb7 15. Bb6 Qc6 16. Bd4 Nd7 17. f4 f6 18. Bg4 Rae8 19. Qe1 Nc5 20. Nc3 Ne4 21. Nxe4 dxe4 22. Qc3 f5 23. Qxc6 Bxc6 24. Be2 Ra8 25. c4 Bb4 26. Bb6 Kf7 27. Rfd1 Rfb8 28. Kf1 h6 29. c5 e3 30. Rd6 Rc8 31. Rxc6 Rxc6 32. Bf3 Rac8 33. Bxc6 Rxc6 34. Rc1 g5 35. fxg5 hxg5 36. Rc4 Bd2 37. Rd4 e5 38. Rd8 f4 39. Ke2 Bb4 40. Ra8 Bxc5 41. Ra7+ Ke6 42. Bxc5 Rxc5 43. Rxa6+ Kf5 44. b4 Rc2+ 45. Kf1 Rf2+ 46. Ke1 Rxg2 47. Ra8 f3 48. Rf8+ Ke4 0-1